000 00403nam a22001217a 4500
999 _c15065
_d15065
008 200304b ||||| |||| 00| 0 eng d
100 _941771
_aSimeon, Louise Maureen.
245 _aEastern Europe seen as new market for agri products/
_bLouise Maureen Simeon.
260 _aPhilippines:
_bThe Philippine Star,
_c©2019.
300 _apage B8;
_c29.5cm.
650 _aAgriculture.
_941772
942 _2ddc
_cPER